<?xml version='1.0' encoding='UTF-8'?>
  <record xmlns="http://www.loc.gov/MARC21/slim">
    <leader>00000ctm a2200000 i 4500</leader>
    <controlfield tag="001">on1046634307</controlfield>
    <controlfield tag="003">OCoLC</controlfield>
    <controlfield tag="005">20241018170109.6</controlfield>
    <controlfield tag="008">180730s16uu    ne            000 0 lat d</controlfield>
    <datafield tag="040" ind1=" " ind2=" ">
      <subfield code="a">QGJ</subfield>
      <subfield code="b">eng</subfield>
      <subfield code="e">rda</subfield>
      <subfield code="e">dcrmmss</subfield>
      <subfield code="c">QGJ</subfield>
      <subfield code="d">QGJ</subfield>
      <subfield code="d">OCLCQ</subfield>
      <subfield code="d">OCLCO</subfield>
      <subfield code="d">QGJ</subfield>
      <subfield code="d">OCLCO</subfield>
      <subfield code="d">QGJ</subfield>
      <subfield code="d">OCLCL</subfield>
      <subfield code="d">OCLCO</subfield>
    </datafield>
    <datafield tag="035" ind1=" " ind2=" ">
      <subfield code="a">(OCoLC)1046634307</subfield>
    </datafield>
    <datafield tag="043" ind1=" " ind2=" ">
      <subfield code="a">e-ne---</subfield>
    </datafield>
    <datafield tag="100" ind1="1" ind2=" ">
      <subfield code="a">Buchell, Arend van,</subfield>
      <subfield code="d">1565-1641,</subfield>
      <subfield code="e">author.</subfield>
      <subfield code="4">aut</subfield>
      <subfield code="1">https://id.oclc.org/worldcat/entity/E39PBJvt97kGgrhYc6wBHv6BT3</subfield>
    </datafield>
    <datafield tag="245" ind1="1" ind2="0">
      <subfield code="a">Apparatus pro editione sua operum Joa. de Beka, Wilh. Hedae et Lamb. Hortensii,</subfield>
      <subfield code="f">UBU Hs. 793 (Hs 4 K 4 no. 2).</subfield>
      <subfield code="n">2,</subfield>
      <subfield code="p">Arnoldi Buchelli Notae historicae breviores ad. Io. Becani Cronicon Vltraiectinum.</subfield>
    </datafield>
    <datafield tag="246" ind1="3" ind2=" ">
      <subfield code="a">Arnoldi Buchelli Notae historicae breviores ad. Io. Becani Cronicon Vltraiectinum</subfield>
    </datafield>
    <datafield tag="246" ind1="3" ind2=" ">
      <subfield code="a">Notae historicae breviores ad. Jo. Becani Cronicon Ultraiectinum</subfield>
    </datafield>
    <datafield tag="264" ind1=" " ind2="0">
      <subfield code="a">[Utrecht],</subfield>
      <subfield code="c">[between approximately 1600 and 1641]</subfield>
    </datafield>
    <datafield tag="300" ind1=" " ind2=" ">
      <subfield code="a">79 pages ;</subfield>
      <subfield code="c">292 x 180 (230 x 130) mm</subfield>
    </datafield>
    <datafield tag="336" ind1=" " ind2=" ">
      <subfield code="a">text</subfield>
      <subfield code="b">txt</subfield>
      <subfield code="2">rdacontent</subfield>
    </datafield>
    <datafield tag="337" ind1=" " ind2=" ">
      <subfield code="a">unmediated</subfield>
      <subfield code="b">n</subfield>
      <subfield code="2">rdamedia</subfield>
    </datafield>
    <datafield tag="338" ind1=" " ind2=" ">
      <subfield code="a">volume</subfield>
      <subfield code="b">nc</subfield>
      <subfield code="2">rdacarrier</subfield>
    </datafield>
    <datafield tag="340" ind1=" " ind2=" ">
      <subfield code="a">Paper</subfield>
    </datafield>
    <datafield tag="500" ind1=" " ind2=" ">
      <subfield code="a">Title derived from: P.A. Tiele, Catalogus codicum manu scriptorum Bibliothecae Universitatis Rheno-Trajectinae.</subfield>
    </datafield>
    <datafield tag="500" ind1=" " ind2=" ">
      <subfield code="a">For the edition for which Van Buchell intended the annotations and the manuscript, see: Joannes de Beka ... et Wilhelmus Heda ... De episcopis Ultrajectinis / recogniti et notis historicis illustrati ab Arn. Buchelio. - Ultrajecti : ex officina Joannis a Doorn, 1643.</subfield>
    </datafield>
    <datafield tag="501" ind1=" " ind2=" ">
      <subfield code="a">Bound with 3 items of printed books: [1.] Historia veterum episcoporum Vltraiectinæ sedis, &amp; comitvm Hollandiæ, explicata Chronico Iohannis de Beca [including Historia episcoporum Trajectensium, auctore VVilhelmo Heda] . - Franequerae, 1612. [2.] Vetustissimorum Vltrajectensium pontificum indigitamentum [=part of: Inferioris Germaniae Provinciarum Vnitarum antiquitates ... - Lugduni Batavorum, 1611. [3.] Lamberti Hortensij Montfortiji Secessionum civilium Vltrajectinarum &amp; bellorum ... libri septem. - Basileae, 1546.</subfield>
    </datafield>
    <datafield tag="524" ind1="8" ind2=" ">
      <subfield code="a">Cite as: Universiteitsbibliotheek Utrecht 793 (Hs 4 K 4 no. 2)</subfield>
    </datafield>
    <datafield tag="563" ind1=" " ind2=" ">
      <subfield code="a">Parchment over pasteboard binding.</subfield>
    </datafield>
    <datafield tag="581" ind1=" " ind2=" ">
      <subfield code="a">P.A. Tiele, Catalogus codicum manu scriptorum Bibliothecae Universitatis Rheno-Trajectinae. I. Trajecti ad Rhenum / Hagae Comitis 1887. P. 203-204.</subfield>
    </datafield>
    <datafield tag="581" ind1=" " ind2=" ">
      <subfield code="a">C.A. Kalmeijer, 'Zestiende-eeuwse schrijvers over de mijlpaal van Monster', in: Oudheidkundige mededelingen uit het Rijksmuseum van Oudheden te Leiden 64 (1983), p. 212-214. p. 214, nt. 25.</subfield>
    </datafield>
    <datafield tag="581" ind1=" " ind2=" ">
      <subfield code="a">H.M.J. Müter, 'Gijsbertus Lap van Waveren, historicus te Utrecht 1596-1647', in: Archief voor de geschiedenis van de katholieke kerk in Nederland 1 (1959) p. 187.</subfield>
    </datafield>
    <datafield tag="610" ind1="2" ind2="0">
      <subfield code="a">Catholic Church.</subfield>
      <subfield code="b">Archdiocese of Utrecht.</subfield>
    </datafield>
    <datafield tag="610" ind1="2" ind2="0">
      <subfield code="a">Catholic Church</subfield>
      <subfield code="x">Bishops.</subfield>
    </datafield>
    <datafield tag="651" ind1=" " ind2="0">
      <subfield code="a">Utrecht (Netherlands)</subfield>
      <subfield code="x">History.</subfield>
    </datafield>
    <datafield tag="600" ind1="1" ind2="4">
      <subfield code="a">Beke, Johannes de.</subfield>
    </datafield>
    <datafield tag="610" ind1="2" ind2="6">
      <subfield code="a">Église catholique</subfield>
      <subfield code="x">Évêques.</subfield>
    </datafield>
    <datafield tag="610" ind1="2" ind2="7">
      <subfield code="a">Catholic Church</subfield>
      <subfield code="2">fast</subfield>
    </datafield>
    <datafield tag="610" ind1="2" ind2="7">
      <subfield code="a">Catholic Church.</subfield>
      <subfield code="b">Archdiocese of Utrecht</subfield>
      <subfield code="2">fast</subfield>
      <subfield code="1">https://id.oclc.org/worldcat/entity/E39QQPVp7QX7fRhGJDCyFXWBqF</subfield>
    </datafield>
    <datafield tag="650" ind1=" " ind2="7">
      <subfield code="a">Bishops</subfield>
      <subfield code="2">fast</subfield>
    </datafield>
    <datafield tag="651" ind1=" " ind2="7">
      <subfield code="a">Netherlands</subfield>
      <subfield code="z">Utrecht</subfield>
      <subfield code="2">fast</subfield>
      <subfield code="1">https://id.oclc.org/worldcat/entity/E39QbtfRhdj6hCymtbYFKHV6fY</subfield>
    </datafield>
    <datafield tag="655" ind1=" " ind2="7">
      <subfield code="a">History</subfield>
      <subfield code="2">fast</subfield>
    </datafield>
    <datafield tag="700" ind1="1" ind2=" ">
      <subfield code="a">Buchell, Arend van,</subfield>
      <subfield code="d">1565-1641,</subfield>
      <subfield code="e">former owner.</subfield>
      <subfield code="4">fmo</subfield>
      <subfield code="1">https://id.oclc.org/worldcat/entity/E39PBJvt97kGgrhYc6wBHv6BT3</subfield>
    </datafield>
    <datafield tag="710" ind1="2" ind2=" ">
      <subfield code="a">Universiteit Utrecht.</subfield>
      <subfield code="b">Bibliotheek.</subfield>
      <subfield code="k">Manuscript</subfield>
      <subfield code="n">Hs. 793 (Hs 4 K 4)</subfield>
    </datafield>
    <datafield tag="758" ind1=" " ind2=" ">
      <subfield code="i">has work:</subfield>
      <subfield code="a">Apparatus pro editione sua operum Joa. de Beka, Wilh. Hedae et Lamb. Hortensii UBU Hs. 793 (Hs 4 K 4 no. 2) 2 Arnoldi Buchelli Notae historicae breviores ad. Io. Becani Cronicon Vltraiectinum (Text)</subfield>
      <subfield code="1">https://id.oclc.org/worldcat/entity/E39PCGWGCYVydxyCwjKGPcrtqP</subfield>
      <subfield code="4">https://id.oclc.org/worldcat/ontology/hasWork</subfield>
    </datafield>
  </record>